Οδηγός Εκθέσεων / Α', Β', Γ' Γυμνασίου: Εκθέσεις Γυμνασίου και γενικοί Προβληματισμοί (Record no. 4397)
[ view plain ]
| 000 -LEADER | |
|---|---|
| fixed length control field | 01836cam a22001814a 4500 |
| 005 - ΗΜΕΡΟΜΗΝΙΑ ΚΑΙ ΩΡΑ ΤΕΛΕΥΤΑΙΑΣ ΕΝΗΜΕΡΩΣΗΣ | |
| Πεδίο ελέγχου | 20250605164145.0 |
| 008 - FIXED-LENGTH DATA ELEMENTS--GENERAL INFORMATION | |
| Πεδίο ελέγχου σταθερού μήκους | 250528s ||||||||||||||||||||||||d |
| 035 ## - SYSTEM CONTROL NUMBER | |
| System control number | 19118 |
| 040 ## - ΠΗΓΗ ΚΑΤΑΛΟΓΟΓΡΑΦΗΣΗΣ | |
| Φορέας πρωτότυπης καταλογογράφησης | MC Athens Campus Library |
| Γλώσσα καταλογογράφησης | Ελληνικά, Μοντέρνα (1453-) |
| Modifying agency | MC Athens Campus Library |
| Κανόνες περιγραφικής καταλογογράφησης | AACR2 |
| 245 1# - ΤΙΤΛΟΣ ΚΑΙ ΔΗΛΩΣΗ ΥΠΕΥΘΥΝΟΤΗΤΑΣ | |
| Τίτλος | Οδηγός Εκθέσεων / Α', Β', Γ' Γυμνασίου: Εκθέσεις Γυμνασίου και γενικοί Προβληματισμοί |
| 260 ## - PUBLICATION, DISTRIBUTION, ETC. | |
| Name of publisher, distributor, etc. | Φίλιππος, |
| Date of publication, distribution, etc. | 1986 |
| 300 ## - PHYSICAL DESCRIPTION | |
| Extent | 432 |
| 520 ## - SUMMARY, ETC. | |
| Summary, etc. | Πρόλογος, Η Προετοιμασία της Έκθεσης, Τα Σημεία Στίξης, Το Ύφος, Τα Στολίδια της Έκθεσης, Η Πορεία της Έκθεσης, Είδη Εκθέσεων, Είδη Εθέσεων, Για Ζωγραφικό Πίνακα, Σύνθετη Περιγραφή, Εκδρομές και Περίπατοι, Ταξίδια και Ταξιδιωτικές Εντυπώσεις, Πολιτιστικές Δραστηριότητες και Επισκέψεις, Εκθέσεις από το Φυσικό Περιβάλλον, Εκθέσεις με Μορφή Βιογραφίας, Εκθέσεις με Μορφή Μαθητικού Ημερολογίου, Επιστολές, Αιτήσεις, Εκθέσεις Χαρακτηρισμών, Περιγραφή Ανθρώπων, Περιγραφή και Χαρακτηρισμός Απλού Κοινωνικού Τύπου, Παροιμίες, Απλές Έννοιες και Ανάλυση Εννοιών, Απλές Πραγματείες, Απλοί Προβληματισμοί, Σχολείο και Οικογένεια και Κοινωνία, Γιορτές και Συναισθήματα, Βιβλιογραφία, Περιεχόμενα. |
| 700 1# - ΠΡΟΣΘΕΤΗ ΑΝΑΓΡΑΦΗ--ΦΥΣΙΚΟ ΠΡΟΣΩΠΟ | |
| Personal name | Χατζηθωμάς Φώτιος Π |
| 9 (RLIN) | 5364 |
| 942 ## - ADDED ENTRY ELEMENTS (KOHA) | |
| Koha item type | Books |
| Τύπος τεκμηρίου | Βιβλιοθήκη | Τρέχουσα τοποθεσία | Barcode | Αριθμός εισαγωγής | Ημερομηνία απόκτησης | Ταξιθετικό σύμβολο | Αριθμός αντιτύπου | Κατάσταση απόσυρσης | Κατάσταση χαμένου | Κατάσταση κατεστραμμένου | Μη δανεισμός | Σύνολο δανεισμών | Ημερομηνία τελευταίας εμφάνισης | Η τιμή ισχύει από |
|---|---|---|---|---|---|---|---|---|---|---|---|---|---|---|
| Books | MC Athens Campus Library | MC Athens Campus Library | 9780000043962 | 4058 | 05/06/2025 | 372.623 HAG | 1 | 05/06/2025 | 05/06/2025 |